00604nam a22001817a 450000500170000001000150001702000260003203500140005803700090007208200120008110000170009324500500011025000070016026000490016727001190021630000200033550000670035520260102124221.0 aENG-147389 a9789373592817c450.00 aEN-130921 bDBAD a913210 aKeshri, Anil aGeography of India Through Maps/cAnil Keshri a10 aNew DelhibS Chand and Company Limitedc2026 a A-27, 2nd Floor, Mohan Co-operative Industrial EstatebNew Delhie110044minfo@schandpublishing.comk011-49731800 a332p.c26cm(pb) aUseful For General Studies (IAS/PCS) and Academic Examinations